Địa lý 11 sách giáo viên
v...v
Đã lưu trong:
| Tác giả chính: | |
|---|---|
| Định dạng: | Sách |
| Năm xuất bản: |
H.
Giáo dục
2007
|
| Chủ đề: | |
| Tags: |
Thêm thẻ
Không có thẻ, Hãy là người đầu tiên gắn thẻ bản ghi này!
|
| LEADER | 01059nam a2200205 4500 | ||
|---|---|---|---|
| 082 | |a 910.71 |b Đ301l | ||
| 100 | |a Lê Thông | ||
| 245 | |a Địa lý 11 |c Lê Thông, Nguyễn Thị Minh Phương, Phạm Viết Hồng |b sách giáo viên | ||
| 260 | |a H. |b Giáo dục |c 2007 | ||
| 300 | |a 144tr. |c 24cm | ||
| 520 | |a v...v | ||
| 653 | |a Địa lý | ||
| 653 | |a lớp 11 | ||
| 653 | |a sách giáo viên | ||
| 942 | |2 ddc |c STK0 | ||
| 999 | |c 10792 |d 10792 | ||
| 952 | |0 0 |1 0 |2 ddc |4 0 |6 910_710000000000000_Đ301L |7 0 |8 900 |9 93060 |a qbu |b qbu |c D5 |d 2015-09-11 |g 5700 |o 910.71 Đ301l |p 9706.c1 |r 0000-00-00 |w 2015-09-11 |y STK0 | ||
| 952 | |0 0 |1 0 |2 ddc |4 0 |6 910_710000000000000_Đ301L |7 0 |8 900 |9 93061 |a qbu |b qbu |c D5 |d 2015-09-11 |g 5700 |o 910.71 Đ301l |p 9706.c2 |r 2015-10-29 |w 2015-09-11 |y STK0 | ||
| 952 | |0 0 |1 0 |2 ddc |4 0 |6 910_710000000000000_Đ301L |7 0 |8 900 |9 93062 |a qbu |b qbu |c D5 |d 2015-09-11 |g 5700 |o 910.71 Đ301l |p 9706.c3 |r 0000-00-00 |w 2015-09-11 |y STK0 | ||
| 952 | |0 0 |1 0 |2 ddc |4 0 |6 910_710000000000000_Đ301L |7 0 |8 900 |9 93063 |a qbu |b qbu |c D5 |d 2015-09-11 |g 5700 |o 910.71 Đ301l |p 9706.c4 |r 0000-00-00 |w 2015-09-11 |y STK0 | ||